| 000 | 00755nam a2200217 a 4500 | ||
|---|---|---|---|
| 005 | 20231128063646.0 | ||
| 008 | 991125s1982 mx 000 0 spa u | ||
| 020 | _a9688220426 | ||
| 035 | _aUPN01000006178 | ||
| 049 | _aCG | ||
| 050 | 4 |
_aF1219.3 E2 _bE3.28 |
|
| 100 | 1 | _aEarly, Daniel K. | |
| 245 | 1 | 0 |
_aCafé : _bdependencia y efectos : comunidades nahuas de Zongolica, Ver., en el Mercado de Nueva York / _cDaniel K. Early ; tr. Gabriel García Ayala. |
| 260 |
_aMéxico : _bINI, _c1982. |
||
| 300 |
_a159 p. : _bil. |
||
| 440 | 0 |
_aInvestigaciones sociales ; _v12 |
|
| 650 | 4 |
_aIndígenas de México _xCondiciones económicas _98536 |
|
| 650 | 4 |
_aIndígenas de México _zVeracruz _917066 |
|
| 650 | 4 |
_aCAFE - _xCOMERCIO - _zMEXICO _94415 |
|
| 905 | _aLibro | ||
| 999 |
_c6178 _d6178 |
||